banner

Metodologías de enseñanza y aprendizaje para el desarrollo de competencias: (Registro nro. 137)

000 -LEADER
fixed length control field 01245nam a2200265 b 4500
003 - CONTROL NUMBER IDENTIFIER
control field AR-BaISA
005 - DATE AND TIME OF LATEST TRANSACTION
control field 20220601184053.0
007 - PHYSICAL DESCRIPTION FIXED FIELD--GENERAL INFORMATION
fixed length control field ta
008 - FIXED-LENGTH DATA ELEMENTS--GENERAL INFORMATION
fixed length control field 061002s2009 sp ad ||| ||spa d
020 ## - INTERNATIONAL STANDARD BOOK NUMBER
International Standard Book Number 9788420648187
040 ## - CATALOGING SOURCE
Transcribing agency AR-BaISA
082 04 - DEWEY DECIMAL CLASSIFICATION NUMBER
Edition number 22
Classification number 378.170 28 M588
245 00 - TITLE STATEMENT
Title Metodologías de enseñanza y aprendizaje para el desarrollo de competencias:
Remainder of title orientaciones para el profesorado universitario ante el espacio europeo de educación superior
Medium [Texto impreso] /
Statement of responsibility, etc. Coordinado por Mario de Miguel Díaz
260 ## - PUBLICATION, DISTRIBUTION, ETC.
Place of publication, distribution, etc. Madrid:
Name of publisher, distributor, etc. Alianza,
Date of publication, distribution, etc. 2009
300 ## - PHYSICAL DESCRIPTION
Extent 230 p.:
Other physical details il., graf.;
Dimensions 24 cm
490 1# - SERIES STATEMENT
Serie El libro universitario. Manuales. Psicología y educación
504 ## - BIBLIOGRAPHY, ETC. NOTE
Bibliography, etc. note Bibliografía: p. 225-230
505 ## - FORMATTED CONTENTS NOTE
Title Métodos y modalidades de enseñanza en la educación superior --
-- Clases teóricas --
-- Seminarios y talleres --
-- Clases prácticas --
-- Prácticas externas --
-- Tutorías --
-- Estudio y trabajo en grupo --
-- Estudio y trabajo autónomos del estudiante
650 14 - SUBJECT ADDED ENTRY--TOPICAL TERM
Topical term or geographic name entry element Educación basada en competencias
9 (RLIN) 323
650 14 - SUBJECT ADDED ENTRY--TOPICAL TERM
Topical term or geographic name entry element Método de enseñanza
9 (RLIN) 324
650 14 - SUBJECT ADDED ENTRY--TOPICAL TERM
Topical term or geographic name entry element Formación del profesorado
9 (RLIN) 325
700 1# - ADDED ENTRY--PERSONAL NAME
Personal name Miguel Díaz, Mario de
9 (RLIN) 326
830 #3 - SERIES ADDED ENTRY--UNIFORM TITLE
9 (RLIN) 322
Uniform title El libro universitario
942 ## - ADDED ENTRY ELEMENTS (KOHA)
Source of classification or shelving scheme
Koha item type Libros
Existencias
Withdrawn status Lost status Source of classification or shelving scheme Damaged status Not for loan Permanent Location Current Location Date acquired Inventory number Full call number Barcode Date last seen Price effective from Koha item type
          Biblioteca ISALUD. Dr. Néstor Rodríguez Campoamor Biblioteca ISALUD. Dr. Néstor Rodríguez Campoamor 2019-01-30 77 378.170 28 M588 77 2019-01-30 2019-01-30 Libros